[Event "Geneve op"]
[Site "Geneve"]
[Date "1996.??.??"]
[Round "4"]
[White "Belaz, Christian"]
[Black "Wojtkiewicz, Aleksander"]
[Result "0-1"]
[WhiteElo "2095"]
[BlackElo "2550"]

1.e4 c5 2.Nf3 d6 3.d4 cxd4 4.Nxd4 Nf6 5.Nc3 a6 6.Be2 e6 7.O-O Be7 8.Be3 O-O
9.f4 Qc7 10.Qe1 b5 11.Bf3 Bb7 12.e5 Ne8 13.Qg3 Nd7 14.a3 Rd8 15.Rae1 dxe5
16.fxe5 Nb6 17.Bxb7 Qxb7 18.Nf3 Nc4 19.Bc1 Qc7 20.Ne4 Rd5 21.Neg5 Bxg5 22.Qxg5 f5
23.Qf4 Qc5+ 24.Kh1 Nc7 25.b4 Qb6 26.c3 Rd3 27.Qh4 Nd5 28.Ng5 h6 29.Nh3 Qd8
30.Qh5 Qe8 31.Qh4 Qg6 32.Rf3 Rxf3 33.gxf3 f4 34.Rg1 Qd3 35.Qg4 Rf7 36.Nxf4 Nxf4
37.Bxf4 Qxc3 38.Bxh6 Nxe5 39.Qxe6 Qxf3+ 40.Rg2 Qd1+ 41.Rg1 Qf3+ 42.Rg2 Nd3
43.Qe3 Nf2+  0-1

[Event "Geneve op"]
[Site "Geneve"]
[Date "1996.??.??"]
[Round "5"]
[White "Wojtkiewicz, Aleksander"]
[Black "Klovans, Janis"]
[Result "1/2-1/2"]
[WhiteElo "2550"]
[BlackElo "2520"]

1.Nf3 Nf6 2.c4 e6 3.g3 d5 4.d4 dxc4 5.Bg2 c5 6.O-O Nc6 7.dxc5 Qxd1 8.Rxd1 Bxc5
9.Nbd2 c3 10.bxc3 O-O 11.Nb3  1/2-1/2

[Event "Geneve op"]
[Site "Geneve"]
[Date "1996.??.??"]
[Round "7"]
[White "Wojtkiewicz, Aleksander"]
[Black "Goldgewicht, Lionel"]
[Result "1/2-1/2"]
[WhiteElo "2550"]
[BlackElo "2325"]

1.Nf3 Nf6 2.c4 c5 3.Nc3 Nc6 4.g3 g6 5.Bg2 Bg7 6.d4 cxd4 7.Nxd4 Nxd4 8.Qxd4 d6
9.O-O O-O 10.Qd3 a6 11.Be3 Ng4 12.Bd4 Ne5 13.Qd1 Rb8 14.b3 Be6 15.a4 Nc6
16.Bxg7 Kxg7 17.Qd2 Qb6 18.a5 Qd4 19.Qb2 Kg8 20.Rfd1 Qe5 21.Bd5 Nd4 22.Ra2 Bg4
23.Rd2 Nc6 24.Bg2 Be6 25.Qa1 Rfc8 26.Rd3 Nb4 27.Re3 Qd4 28.Re4 Qg7 29.Ra4 Nc6
30.Re3 Qd4 31.Rd3 Qg7 32.h4 Ne5  1/2-1/2

[Event "Geneve op"]
[Site "Geneve"]
[Date "1996.??.??"]
[Round "8"]
[White "Gurevich, Dmitry"]
[Black "Wojtkiewicz, Aleksander"]
[Result "1/2-1/2"]
[WhiteElo "2535"]
[BlackElo "2550"]

1.d4 Nf6 2.c4 e6 3.g3 d5 4.Bg2 dxc4 5.Nf3 Nc6 6.Qa4 Bb4+ 7.Bd2 Nd5 8.Bxb4 Nxb4
9.O-O Rb8 10.Nc3 a6 11.Ne5 O-O 12.Nxc6 Nxc6 13.Bxc6 bxc6 14.Qxc6 Qxd4 15.Rfd1 Qe5
16.Rd2 Rb4 17.Rc1 Bb7 18.Qd7 Qc5 19.a3 Rb3 20.Rcc2 h6 21.Qd4 Qxd4 22.Rxd4 Rb8
23.f3 Bd5 24.Rdd2 Bc6 25.Kf2 Kf8 26.Nd1 Bb5 27.Rd4 c5 28.Rdd2 Ke7 29.a4 Bxa4
30.Rxc4 R3b4 31.Rxc5 Bxd1 32.Rc7+ Kf6 33.Rxd1 Rxb2 34.Rdd7 Rf8 35.Ra7 Ra2
36.Rd6 a5 37.Rda6 Rd8  1/2-1/2

[Event "Graz op"]
[Site "Graz"]
[Date "1996.??.??"]
[Round "?"]
[White "Wojtkiewicz, Aleksander"]
[Black "Stanec, Nikolaus"]
[Result "1-0"]
[WhiteElo "2550"]
[BlackElo "2490"]

1.Nf3 Nf6 2.c4 g6 3.g3 Bg7 4.Bg2 d6 5.d4 O-O 6.O-O c6 7.Nc3 Qa5 8.e4 Qh5
9.Re1 Bg4 10.e5 Nfd7 11.h3 Bxh3 12.Bxh3 Qxh3 13.Ng5 Qh5 14.Qxh5 gxh5 15.e6 f6
16.exd7 fxg5 17.Rxe7 Bf6 18.Re6 Nxd7 19.Rxd6 Nb6 20.Ne4 Be7 21.Re6 Kf7 22.Rh6 Kg7
23.Re6 Rae8 24.Bxg5 Bd8 25.Rxe8 Rxe8 26.Nd6 Re6 27.Bf4 Bf6 28.Rd1 Re2 29.b3 Rxa2
30.Nxb7 Nd7 31.d5 cxd5 32.Rxd5 Nf8 33.Nd6 Kg6 34.Ne4 Ne6 35.Be3 Bg7 36.Ng5 Nf8
37.Kg2 a5 38.Rd6+ Kf5 39.Nf3 a4 40.bxa4 Rxa4 41.c5 Ne6 42.Rd5+ Kg6 43.Nh4+ Kf7
44.Rxh5 Kg8 45.Nf3 Rc4 46.Rd5 Bf8 47.Ne5 Rc2 48.Nd3 Rc3 49.Kf3 Nc7 50.Rg5+ Kf7
51.Rf5+ Kg8 52.Nf4 Na6 53.Ne6 Be7 54.Ke2 Nb4 55.Bg5 Rc4 56.Kf3  1-0

[Event "Graz op"]
[Site "Graz"]
[Date "1996.??.??"]
[Round "?"]
[White "Beliavsky, Alexander G"]
[Black "Wojtkiewicz, Aleksander"]
[Result "1-0"]
[WhiteElo "2615"]
[BlackElo "2550"]

1.d4 Nf6 2.c4 e6 3.Nc3 Bb4 4.e3 c5 5.Ne2 cxd4 6.exd4 d5 7.c5 Ne4 8.Bd2 Nxd2
9.Qxd2 Qf6 10.a3 Ba5 11.g3 O-O 12.Bg2 Nc6 13.O-O g6 14.Rad1 a6 15.f4 Bd8
16.b4 Qg7 17.Kh1 b6 18.g4 bxc5 19.dxc5 Kh8 20.f5 gxf5 21.gxf5 Bg5 22.Qe1 Rg8
23.Qg3 Bb7 24.Qh3 Rae8 25.Rd3 Bh4 26.Nf4 Ne5 27.Qxh4 Nxd3 28.f6 Qxg2+ 29.Nxg2 d4
30.Ne4 e5 31.Ng5 Rxg5 32.Qxg5 Rg8 33.Qxg8+ Kxg8 34.Kg1 e4 35.Nf4 Nb2 36.Rb1 Na4
37.b5  1-0

[Event "Graz op"]
[Site "Graz"]
[Date "1996.??.??"]
[Round "?"]
[White "Kotz, Heinz Peter"]
[Black "Wojtkiewicz, Aleksander"]
[Result "0-1"]
[WhiteElo "2285"]
[BlackElo "2550"]

1.e4 c5 2.Nf3 d6 3.d4 cxd4 4.Nxd4 Nf6 5.Nc3 a6 6.Bc4 e6 7.Bb3 b5 8.O-O Be7
9.Qf3 Qc7 10.Qg3 O-O 11.Bh6 Ne8 12.Rad1 Bd7 13.Nf3 Nc6 14.Bf4 Rd8 15.Rfe1 Bc8
16.Rd3 Nf6 17.Bh6 Ne8 18.Bf4 Kh8 19.Red1 Bb7 20.e5 dxe5 21.Nxe5 Rxd3 22.Rxd3 Nxe5
23.Bxe5 Qc6 24.Ne2 Bf6 25.Bxf6 Nxf6 26.Nd4 Qc5 27.Nf3 Ne4 28.Qh4 g5 29.Nxg5 Qxg5
30.Qxg5 Nxg5 31.f3 h5 32.Rd7 Bc8 33.Rc7 Kg7 34.c4 bxc4 35.Bxc4 h4 36.Rc6 Rd8
37.b4 h3 38.f4 Rd1+  0-1

[Event "Graz op"]
[Site "Graz"]
[Date "1996.??.??"]
[Round "?"]
[White "Teske, Henrik"]
[Black "Wojtkiewicz, Aleksander"]
[Result "1/2-1/2"]
[WhiteElo "2510"]
[BlackElo "2550"]

1.c4 Nf6 2.d4 e6 3.Nf3 d5 4.Nc3 Bb4 5.Bg5 h6 6.Bxf6 Qxf6 7.Rc1 dxc4 8.Qa4+ Nc6
9.a3 Bxc3+ 10.Rxc3 O-O 11.Qxc4 e5 12.Nxe5 Nxe5 13.dxe5 Qxe5 14.e3 Be6 15.Qf4 Qxf4
16.exf4 Rfe8 17.Be2 Bd5 18.f3 Re6 19.Kf2 Rae8 20.Bd3 c6 21.Rd1 Kf8 22.Rd2 a5
23.Bc4 Bxc4  1/2-1/2

[Event "Haarlem op"]
[Site "Haarlem"]
[Date "1996.??.??"]
[Round "2"]
[White "Abeln, Michiel"]
[Black "Wojtkiewicz, Aleksander"]
[Result "1-0"]
[WhiteElo "2100"]
[BlackElo "2550"]

1.e4 c5 2.Nf3 d6 3.d4 cxd4 4.Nxd4 Nf6 5.Nc3 a6 6.f4 Nbd7 7.Bc4 g6 8.Nf3 Qc7
9.Qe2 Nb6 10.Bb3 Bg4 11.e5 Bxf3 12.gxf3 Nh5 13.e6 f5 14.a4 Bg7 15.Bd2 Rc8
16.a5 Nc4 17.Nd5 Qc5 18.Bxc4 Qxc4 19.Qxc4 Rxc4 20.Rc1 Bh6 21.b3 Rd4 22.c4 Nxf4
23.Bxf4 Bxf4 24.Nxf4 Rxf4 25.Ke2 O-O 26.h4 h6 27.Rcg1 Rf6 28.Ke3 Rxh4 29.Rxh4 g5
30.Rh2 Rxe6+ 31.Kd2 Rg6 32.f4 g4 33.Rh5 Rf6 34.Rgh1 Kg7 35.b4 e6 36.Kd3 Rg6
37.Ke3 Rf6 38.Rd1 Kg6 39.Rh2 e5 40.c5 exf4+ 41.Kxf4  1-0

[Event "Haarlem op"]
[Site "Haarlem"]
[Date "1996.??.??"]
[Round "5"]
[White "Wojtkiewicz, Aleksander"]
[Black "Strating, Sybolt"]
[Result "0-1"]
[WhiteElo "2550"]
[BlackElo "2310"]

1.Nf3 d5 2.d4 c6 3.c4 Nf6 4.Qc2 g6 5.Bf4 Bg7 6.e3 Bf5 7.Qb3 Qb6 8.Nc3 Qxb3
9.axb3 Nbd7 10.h3 O-O 11.Be2 Rfe8 12.O-O Ne4 13.cxd5 Nxc3 14.bxc3 cxd5 15.g4 Be4
16.Nd2 e5 17.Bg3 Rec8 18.Rfc1 g5 19.Nxe4 dxe4 20.Bf1 a6 21.Bg2 Re8 22.Bxe4 exd4
23.Bxb7 Ra7 24.Bxa6 Rea8 25.cxd4 Rxa6 26.Rxa6 Rxa6 27.Rc8+ Bf8 28.Rd8 Ra7
29.b4 Kg7 30.b5 Rb7 31.Kg2 Be7 32.Re8 Bf6 33.Rc8 Rxb5 34.Rc7 Nf8 35.Kf3 Rd5
36.Ke4 Rd7 37.Rc6 Ng6 38.Ra6 h6 39.Rc6 Bd8 40.Ra6 Bc7 41.Be5+ Bxe5 42.dxe5 Nf8
43.Rc6 Ne6 44.Rc4 Rc7 45.Rb4 Nc5+ 46.Kd5 Nd3  0-1

[Event "Chess.net m3 blitz"]
[Site "Internet"]
[Date "1996.??.??"]
[Round "?"]
[White "Wojtkiewicz, Aleksander"]
[Black "Shabalov, Alexander"]
[Result "1-0"]
[WhiteElo "2460"]
[BlackElo "2430"]

1.e4 c5 2.c3 d5 3.exd5 Qxd5 4.d4 Nf6 5.Nf3 Bg4 6.Be2 e6 7.h3 Bh5 8.Na3 Be7
9.Nb5 Na6 10.c4 Qd8 11.Bf4 O-O 12.O-O cxd4 13.Qxd4 Nc5 14.Rfd1 a6 15.Nd6 Qa5
16.b4 Qxb4 17.Rab1 Qa5 18.Nxb7 Nxb7 19.Rxb7 Qxa2 20.Kf1 Rfd8 21.Qa1 Rxd1+
22.Qxd1 Bxf3 23.gxf3 Bf8 24.Be5 a5 25.Bxf6 gxf6 26.Qd7  1-0

[Event "Montreal op"]
[Site "Montreal"]
[Date "1996.??.??"]
[Round "4"]
[White "Wojtkiewicz, Aleksander"]
[Black "Ross, David"]
[Result "1-0"]
[WhiteElo "2550"]
[BlackElo "2355"]

1.Nf3 f5 2.g3 Nf6 3.Bg2 g6 4.b3 Bg7 5.Bb2 O-O 6.O-O a5 7.c4 c6 8.Nc3 d6 9.d4 Na6
10.Re1 Nh5 11.d5 Bd7 12.Qd2 Nc5 13.Rad1 Qb6 14.Rb1 Nf6 15.Nd4 Ng4 16.e3 Ne5
17.Ba1 Rfc8 18.Qe2 Qa6 19.h3 Re8 20.Kh2 Rac8 21.Red1 Nf7 22.Qc2 Qb6 23.Rd2 Qd8
24.Re2 Qb6 25.Qd2 Qb4 26.f4 e5 27.dxe6 Nxe6 28.Nc2 Qb6 29.Na4 Qc7 30.Bxg7 Nxg7
31.Nc3 h5 32.Nd4 Re7 33.Rbe1 Rce8 34.Nf3 Qb6 35.e4 Qb4 36.Qb2 Bc8 37.a3 Qb6
38.Nh4 Kh7 39.exf5 Nxf5 40.Rxe7 Rxe7 41.Nd5 cxd5 42.Nxf5  1-0

[Event "Montreal op"]
[Site "Montreal"]
[Date "1996.??.??"]
[Round "5"]
[White "Leveille, Francois"]
[Black "Wojtkiewicz, Aleksander"]
[Result "0-1"]
[WhiteElo "2365"]
[BlackElo "2550"]

1.d4 Nf6 2.c4 e6 3.Nc3 Bb4 4.Bg5 h6 5.Bh4 c5 6.d5 d6 7.e3 Bxc3+ 8.bxc3 e5
9.Bd3 e4 10.Bc2 Nbd7 11.Qb1 Qe7 12.Ne2 Kd8 13.a4 a5 14.Ra2 Kc7 15.Rb2 Rb8
16.Nc1 b6 17.Nb3 Ba6 18.Nd2 g5 19.Bg3 Rhe8 20.Bd1 Ne5 21.Be2 Ng6 22.h3 h5
23.Nb3 h4 24.Bh2 Nd7 25.Nd4 cxd4 26.cxd4 Kb7 27.O-O Ka7 28.Rc1 Rec8 29.Rb5 Rb7
30.Bg4 Ngf8 31.Qb3 Bxb5 32.axb5 Rd8 33.Qa3 Nf6 34.Bf5 Rc7 35.c5 Nxd5 36.cxd6 Rxc1+
37.Qxc1 Rxd6 38.Qc8 Ne6 39.Bxe4 Nec7 40.Bxd6 Qxd6  0-1

[Event "Montreal op"]
[Site "Montreal"]
[Date "1996.??.??"]
[Round "6"]
[White "Wojtkiewicz, Aleksander"]
[Black "Vera, Reynaldo"]
[Result "1-0"]
[WhiteElo "2550"]
[BlackElo "2495"]

1.Nf3 d5 2.d4 Nf6 3.c4 c6 4.Qc2 e6 5.g3 Nbd7 6.Bg2 Bd6 7.O-O O-O 8.Nc3 Re8
9.Rd1 Qe7 10.b3 h6 11.a4 b6 12.a5 bxa5 13.Rxa5 Bb7 14.Ra2 a6 15.c5 Bc7 16.e4 dxe4
17.Nxe4 Nxe4 18.Qxe4 a5 19.Bd2 e5 20.Rda1 Qd8 21.Bc3 Nf6 22.Qc2 e4 23.Ne5 Bxe5
24.dxe5 Nd7 25.Qxe4 Nxc5 26.Qc4 Nd7 27.Rxa5 Rxa5 28.Rxa5 Nb6 29.Qd4 Qd7 30.Qd6 Qc8
31.Qc5 Nd7 32.Qc4 Ba8 33.Qg4 g6 34.Rxa8 Qxa8 35.Qxd7 Rd8 36.Bxc6 Qb8 37.Qb7 Qxb7
38.Bxb7 Rd3 39.Be1 Rxb3 40.Bc6 Rb6 41.Bd7 Kf8 42.f4 Rb1 43.Kf1 Rb2 44.Bf2 Rc2
45.Kg2 h5 46.Kf3 Ke7 47.Bb5 Kf8 48.h3 Kg8 49.Bd3 Rc3 50.Ke4 Ra3 51.g4 hxg4
52.hxg4 Ra4+ 53.Bd4 Kh7 54.Bb5 Rb4 55.Be8 Rb7 56.Kd5 Kg8 57.e6 fxe6+ 58.Kc6 Rh7
59.g5 Rh4 60.Be5 Kh7 61.Kd6 Rh2 62.Kxe6 Ra2 63.Kf6  1-0

[Event "Montreal op"]
[Site "Montreal"]
[Date "1996.??.??"]
[Round "7"]
[White "Spraggett, Kevin"]
[Black "Wojtkiewicz, Aleksander"]
[Result "0-1"]
[WhiteElo "2545"]
[BlackElo "2550"]

1.e4 c5 2.Nf3 d6 3.d4 cxd4 4.Nxd4 Nf6 5.Nc3 a6 6.Be3 e6 7.g4 h6 8.f4 b5 9.a3 Bb7
10.Bg2 Nbd7 11.g5 hxg5 12.fxg5 Nh5 13.g6 Qh4+ 14.Bf2 Qf6 15.gxf7+ Qxf7 16.Qg4 Nf4
17.O-O-O Ne5 18.Qg3 Be7 19.Be3 Nxg2 20.Qxg2 Nc4 21.Bf2 e5 22.Nde2 Rc8 23.h4 Rh6
24.Rd3 Rg6 25.Bg3 Rg4 26.Kb1 Qh5 27.Qf2 Qf7 28.Qg2 Qh5 29.Rhd1 a5 30.Qf3 b4
31.axb4 axb4 32.Nd5 Bxd5 33.Rxd5 Qg6 34.Rf1 Qxe4 35.Qf7+ Kd7 36.Rfd1 Rf8  0-1

[Event "Neuchatel op"]
[Site "Neuchatel"]
[Date "1996.??.??"]
[Round "1"]
[White "Schneuwly, Achim"]
[Black "Wojtkiewicz, Aleksander"]
[Result "0-1"]
[WhiteElo "2135"]
[BlackElo "2550"]

1.d4 g6 2.Nf3 Bg7 3.e3 Nf6 4.c4 O-O 5.b4 d6 6.Bb2 c5 7.a3 Qb6 8.Qb3 Na6 9.b5 cxd4
10.exd4 e5 11.Be2 exd4 12.Bxd4 Nc5 13.Qb2 Qa5+ 14.Bc3 Qd8 15.a4 a6 16.O-O Re8
17.Re1 Bg4 18.Qb4 Bxf3 19.gxf3 Nh5 20.Bxg7 Qg5+ 21.Kh1 Rxe2 22.Rg1 Qf4 23.Qc3 Rxf2  0-1

[Event "Neuchatel op"]
[Site "Neuchatel"]
[Date "1996.??.??"]
[Round "3"]
[White "Wojtkiewicz, Aleksander"]
[Black "Velz, T."]
[Result "1-0"]
[WhiteElo "2550"]
[BlackElo "2295"]

1.Nf3 d5 2.d4 Nf6 3.c4 e6 4.g3 c6 5.Nbd2 Be7 6.Bg2 O-O 7.O-O b6 8.Qc2 Bb7
9.e4 Na6 10.a3 c5 11.exd5 exd5 12.dxc5 Nxc5 13.b4 Ne6 14.Bb2 Qc8 15.Rac1 Rd8
16.Rfe1 a5 17.Qf5 d4 18.Bxd4 Nxd4 19.Qxc8 Raxc8 20.Rxe7 Nxf3+ 21.Nxf3 Be4
22.Ne5 Bxg2 23.Kxg2 Re8 24.Rxe8+ Nxe8 25.b5 Nd6 26.Rd1 Rd8 27.Nc6 Rd7 28.c5 bxc5
29.b6 g6 30.Rxd6 Rxd6 31.b7 Rxc6 32.b8=Q+ Kg7 33.Qa8  1-0

[Event "Neuchatel op"]
[Site "Neuchatel"]
[Date "1996.??.??"]
[Round "5"]
[White "Wojtkiewicz, Aleksander"]
[Black "Kaenel, Hansjuerg"]
[Result "1-0"]
[WhiteElo "2550"]
[BlackElo "2390"]

1.Nf3 Nf6 2.c4 e6 3.g3 d5 4.b3 Be7 5.Bg2 b6 6.Bb2 O-O 7.O-O Bb7 8.d3 c5 9.Nbd2 Qc7
10.cxd5 Nxd5 11.Rc1 Nd7 12.a3 Rac8 13.b4 Qb8 14.e4 N5f6 15.b5 Rfd8 16.Nc4 Ne8
17.Qb3 Bf6 18.Bxf6 Nexf6 19.a4 a6 20.Rfd1 axb5 21.axb5 Qc7 22.Qb2 Ne8 23.Nfd2 Nd6
24.Ne3 Ra8 25.d4 Qb8 26.d5 exd5 27.exd5 Ra5 28.Bf1 Ra4 29.Qc2 Rb4 30.Rb1 Rxb1
31.Qxb1 Qc7 32.Qb2 Nf6 33.Ndc4 Re8 34.Nxd6 Qxd6 35.Bg2 h6 36.Nc4 Qd8 37.h3 Nd7
38.Nd6 Qa8 39.Nxe8 Qxe8 40.Qa1 Nf6 41.Qa7 Bxd5 42.Qxb6 Nd7 43.Qd6 Bxg2 44.Qxd7 Qe4
45.Qd8+ Kh7 46.Qd3 Qxd3 47.Rxd3 Bxh3 48.b6  1-0

[Event "Neuchatel op"]
[Site "Neuchatel"]
[Date "1996.??.??"]
[Round "6"]
[White "Gallagher, Joseph G"]
[Black "Wojtkiewicz, Aleksander"]
[Result "0-1"]
[WhiteElo "2525"]
[BlackElo "2550"]

1.e4 c5 2.Nf3 d6 3.d4 cxd4 4.Nxd4 Nf6 5.Nc3 a6 6.f4 e5 7.Nf3 Nbd7 8.a4 Be7
9.Bd3 O-O 10.O-O exf4 11.Bxf4 Qb6+ 12.Kh1 Qxb2 13.Nd5 Nxd5 14.exd5 Nc5 15.Qe1 Nxd3
16.cxd3 Bf6 17.Qe4 Bd7 18.Rab1 Qa3 19.Rxb7 Rfe8 20.Qc4 Bxa4 21.Bc1 Qa1 22.Qc7 Be7
23.Qc4 Bb5 24.Qf4 Qf6 25.Nd4 Bxd3 26.Rd1 Qg6 27.Nc6 Bf8 28.h3 Re2 29.Qf3 Rxg2
30.Qxg2 Be4 31.Rb2 Re8 32.Kh2 Bxg2 33.Rxg2 Qf5 34.Bb2 g6  0-1

[Event "North Bay op"]
[Site "North Bay"]
[Date "1996.??.??"]
[Round "?"]
[White "Lindsay, Fred"]
[Black "Wojtkiewicz, Aleksander"]
[Result "0-1"]
[WhiteElo "2310"]
[BlackElo "2525"]

1.d4 g6 2.e4 Bg7 3.c4 d6 4.Nc3 e5 5.dxe5 dxe5 6.Qxd8+ Kxd8 7.f4 Be6 8.Nf3 Nd7
9.fxe5 Ne7 10.Bf4 Nc6 11.O-O-O Kc8 12.Ng5 Ncxe5 13.Nxe6 fxe6 14.Kc2 Ng4 15.Re1 Be5
16.Be2 Ngf6 17.Rhf1 Bxf4 18.Rxf4 e5 19.Rf2 a5 20.Ref1 Ra6 21.Nd5 Nxe4 22.Rf7 Ng5
23.Bg4 Nxf7 24.Rxf7 Rd6 25.Nf6 Rxf6 26.Bxd7+ Kd8 27.Rxf6 Kxd7 28.Rf7+ Kd6
29.Kd3 b6 30.Ke4 c6 31.Rf6+ Kc5 32.b3 Rd8 33.Rf2 a4 34.bxa4 Ra8 35.Kxe5 Rxa4
36.Rf7 Rxa2 37.Rxh7 Rxg2 38.h4 Kxc4 39.Rg7 c5 40.Kf6 b5  0-1

[Event "North Bay op"]
[Site "North Bay"]
[Date "1996.??.??"]
[Round "?"]
[White "Wojtkiewicz, Aleksander"]
[Black "Pacey, Kevin"]
[Result "1/2-1/2"]
[WhiteElo "2525"]
[BlackElo "2285"]

1.Nf3 Nc6 2.d4 d5 3.Bf4 Bg4 4.e3 e6 5.c4 Bd6 6.Bg3 Nf6 7.Nc3 O-O 8.cxd5 Nxd5
9.Be2 f5 10.Qb3 f4 11.Bh4 Qd7 12.Nxd5 exd5 13.Qxd5+ Kh8 14.O-O-O Be6 15.Qe4 Bf5
16.Qd5 Be6 17.Qe4 Bf5  1/2-1/2

[Event "North Bay op"]
[Site "North Bay"]
[Date "1996.??.??"]
[Round "?"]
[White "Wojtkiewicz, Aleksander"]
[Black "Vera, Reynaldo"]
[Result "1/2-1/2"]
[WhiteElo "2525"]
[BlackElo "2505"]

1.Nf3 d5 2.d4 c6 3.c4 Nf6 4.Qc2 e6 5.g3 dxc4 6.Qxc4 b5 7.Qd3 Bb7 8.Bg2 Nbd7
9.Nc3 a6 10.a4 b4 11.Ne4 c5 12.Nxf6+ Nxf6 13.Bg5 Be7 14.O-O Rc8 15.Rac1 O-O
16.Rfd1 Qa5 17.Ne5 Bxg2 18.Kxg2 cxd4 19.Qxd4 h6 20.Bxf6 Bxf6 21.Rxc8 Rxc8
22.Qd7 Qc7 23.Nxf7 Qxd7 24.Rxd7 Rc2 25.b3 Rxe2 26.Nd8 Rb2 27.Rd3 Bc3 28.Nxe6 Rxb3
29.Nc5 Ra3 30.Nxa6 Rxa4 31.Nc5 Ra8 32.h4 Rb8 33.Nb3 Kf7 34.Kf3 Rb5 35.Ke4 Re5+
36.Kf3 Ke6 37.Rd8 Rd5 38.Rc8 Kd7 39.Rc4 Kd6 40.Ke2 Re5+ 41.Kd3 Re1 42.Rf4 Rf1  1/2-1/2

[Event "North Bay op"]
[Site "North Bay"]
[Date "1996.??.??"]
[Round "?"]
[White "Wojtkiewicz, Aleksander"]
[Black "Wolff, Patrick G"]
[Result "1/2-1/2"]
[WhiteElo "2525"]
[BlackElo "2580"]

1.Nf3 c5 2.c4 Nc6 3.d4 cxd4 4.Nxd4 Nf6 5.Nc3 e6 6.a3 Bc5 7.Nb3 Be7 8.e4 O-O
9.Be3 b6 10.f4 Bb7 11.Bd3 d6 12.O-O Rc8 13.Qe2 Re8 14.Rfd1 Qc7 15.Rac1 Qb8
16.Bf2 Nd7 17.Nd2 Nc5 18.Bb1 a5 19.Nf3 Ba6 20.e5 g6 21.Ne4 dxe5 22.Nxc5 bxc5
23.fxe5 Red8 24.h3 a4 25.Kh1 Qb3 26.Rd3 Rxd3 27.Bxd3 Rd8 28.Rc3 Qb8 29.Rc2 Rd7
30.Kg1 Bb7 31.Kh1 Na5 32.Be4 Ba6 33.Bd3 Qd8 34.Rc3 Bb7 35.Bc2 Bc6 36.Rd3 Rxd3
37.Bxd3 Nb3 38.Bc2 Qb8 39.Qe1 Qb7 40.Qc3 Nd4 41.Bd1 Nxf3 42.Bxf3 Bxf3 43.gxf3 Qd7
44.Qc2 Bg5 45.Kg2 Bf4 46.Bxc5 Bxe5 47.Bf2 f5 48.c5 Qc6 49.b3 axb3 50.Qxb3 g5  1/2-1/2

[Event "North Bay op"]
[Site "North Bay"]
[Date "1996.??.??"]
[Round "?"]
[White "Balandin, Aleksey"]
[Black "Wojtkiewicz, Aleksander"]
[Result "0-1"]
[WhiteElo "2360"]
[BlackElo "2525"]

1.e4 c5 2.b3 a6 3.Bb2 Nc6 4.f4 d5 5.e5 Bf5 6.Nf3 e6 7.Be2 h5 8.O-O Be7 9.d4 Nh6
10.h3 Be4 11.c3 Nf5 12.Qd2 Rc8 13.Rc1 cxd4 14.Nxd4 Qb6 15.Kh2 Ncxd4 16.cxd4 Rxc1
17.Qxc1 Nxd4 18.Bd1 Nc6 19.Qd2 Bb4 20.Bc3 Bc5 21.Qe1 Bf2 22.Qe2 Nd4 23.Qxf2 Nf3+
24.Qxf3 Bxf3 25.Bxf3 Qe3 26.Bb2 Qxf4+ 27.Kh1 g5 28.Nc3 g4 29.Ne2 Qd2  0-1

[Event "POL-ch"]
[Site "Poland"]
[Date "1996.??.??"]
[Round "1"]
[White "Gdanski, Jacek"]
[Black "Wojtkiewicz, Aleksander"]
[Result "1/2-1/2"]
[WhiteElo "2480"]
[BlackElo "2550"]

1.e4 c5 2.Nc3 a6 3.Nge2 e6 4.g3 b5 5.Bg2 Bb7 6.O-O Nf6 7.d3 d6 8.h3 Nc6 9.a3 Be7
10.f4 O-O 11.g4 Nd7 12.g5 Nd4 13.Be3 e5 14.h4 f5 15.Nd5 Nxe2+ 16.Qxe2 Bxd5
17.exd5 Qc7 18.c4 Rae8 19.Qc2 Qd8 20.b4 h6  1/2-1/2

[Event "POL-ch"]
[Site "Poland"]
[Date "1996.??.??"]
[Round "2"]
[White "Wojtkiewicz, Aleksander"]
[Black "Grabarczyk, Bogdan"]
[Result "1/2-1/2"]
[WhiteElo "2550"]
[BlackElo "2420"]

1.Nf3 Nf6 2.c4 g6 3.g3 Bg7 4.Bg2 O-O 5.d4 d6 6.O-O Nbd7 7.Nc3 e5 8.e4 c6
9.Rb1 a5 10.Re1 exd4 11.Nxd4 Nc5 12.h3 a4 13.b4 axb3 14.axb3 Re8 15.Bf4 Nh5
16.Be3 Qe7 17.Qd2 Ra3 18.Qc2 Nf6  1/2-1/2

[Event "POL-ch"]
[Site "Poland"]
[Date "1996.??.??"]
[Round "6"]
[White "Wojtkiewicz, Aleksander"]
[Black "Urban, Klaudiusz"]
[Result "1/2-1/2"]
[WhiteElo "2550"]
[BlackElo "2440"]

1.Nf3 Nf6 2.c4 g6 3.Nc3 d5 4.d4 Bg7 5.Qb3 dxc4 6.Qxc4 O-O 7.e4 Nc6 8.Be2 Bg4
9.e5 Nd7 10.Be3 Nb6 11.Qc5 a5 12.h3 Bf5 13.O-O Nb4 14.Bg5 Re8 15.a3 N4d5
16.Rac1 c6 17.Rfd1 h6 18.Nxd5 Nxd5 19.Bd2  1/2-1/2

[Event "POL-ch"]
[Site "Poland"]
[Date "1996.??.??"]
[Round "7"]
[White "Markowski, Tomasz"]
[Black "Wojtkiewicz, Aleksander"]
[Result "1/2-1/2"]
[WhiteElo "2535"]
[BlackElo "2550"]

1.Nf3 Nf6 2.g3 b6 3.Bg2 Bb7 4.O-O e6 5.d3 c5 6.e4 d6 7.Nc3 Be7 8.Ne1 Nc6
9.f4 a6 10.Bd2 b5 11.a3 Nd7 12.Ne2 O-O 13.Nf3 Nb6 14.g4 a5 15.Ng3 Nd4 16.Nxd4 cxd4
17.g5 Nd7 18.Rc1 g6 19.Qe1 e5 20.h4 h6 21.Qf2 hxg5 22.hxg5 b4 23.axb4 axb4
24.Bxb4 exf4 25.Ne2 f3 26.Qxf3 Ne5 27.Qg3 Bxg5 28.Ra1  1/2-1/2

[Event "POL-ch"]
[Site "Poland"]
[Date "1996.??.??"]
[Round "8"]
[White "Wojtkiewicz, Aleksander"]
[Black "Bobras, Piotr"]
[Result "1-0"]
[WhiteElo "2550"]
[BlackElo "2355"]

1.Nf3 Nf6 2.c4 e6 3.g3 d5 4.Bg2 Be7 5.O-O O-O 6.b3 b6 7.Bb2 Bb7 8.cxd5 exd5
9.d4 Nbd7 10.Nc3 Ne4 11.Rc1 Ndf6 12.Ne5 c5 13.dxc5 Bxc5 14.Nd3 Be7 15.Nb5 a6
16.Nd4 Re8 17.Nc6 Bxc6 18.Rxc6 Rc8 19.Rxc8 Qxc8 20.Nf4 Bc5 21.Nxd5 Nxd5 22.Qxd5 Nxf2
23.Rxf2 Bxf2+ 24.Kxf2 Qc2 25.Be5 h6 26.a4 b5 27.axb5 axb5 28.Be4 Qc8 29.Qxb5 Re7
30.Bd3 Qe6 31.Bd4 g6 32.Qb8+ Re8 33.Qf4 Qh3 34.Bc4 Qxh2+ 35.Ke1 Qh1+ 36.Kd2  1-0

[Event "POL-ch"]
[Site "Poland"]
[Date "1996.??.??"]
[Round "9"]
[White "Kaminski, Marcin"]
[Black "Wojtkiewicz, Aleksander"]
[Result "1/2-1/2"]
[WhiteElo "2525"]
[BlackElo "2550"]

1.e4 c5 2.Nf3 d6 3.d4 cxd4 4.Nxd4 Nf6 5.Nc3 a6 6.Bc4 e6 7.O-O Be7 8.Bb3 O-O
9.f4 Nc6 10.Kh1 Bd7 11.f5 Nxd4 12.Qxd4 Qc7 13.Bg5 Rad8 14.Rad1 exf5 15.exf5 Bc6
16.Rfe1 d5 17.Ne2 Rfe8 18.Nf4  1/2-1/2

[Event "POL-ch"]
[Site "Poland"]
[Date "1996.??.??"]
[Round "11"]
[White "Wojtkiewicz, Aleksander"]
[Black "Grabarczyk, Miroslaw"]
[Result "1-0"]
[WhiteElo "2550"]
[BlackElo "2505"]

1.Nf3 Nf6 2.c4 e6 3.g3 b6 4.Bg2 Bb7 5.O-O Be7 6.d4 O-O 7.Re1 c5 8.d5 exd5
9.Nh4 Ne4 10.cxd5 Bxh4 11.Bxe4 Bf6 12.Nc3 d6 13.Bf4 Bg5 14.Bxg5 Qxg5 15.Qc2 Qh6
16.Bg2 Nd7 17.e4 a6 18.Nd1 b5 19.f4 c4 20.Ne3 Qf6 21.Rad1 Nc5 22.Ng4 Qd8
23.Nf2 Re8 24.h4 Qa5 25.Re3 Rac8 26.Rde1 Rcd8 27.Kh2 Qb4 28.R1e2 Na4 29.h5 h6
30.g4 Qc5 31.Rg3 f6 32.Qd2 Qc7 33.Bh3 Nc5 34.Re1 Kh8 35.g5 fxg5 36.fxg5 hxg5
37.Rxg5 Qf7 38.Bf5 Re7 39.Reg1 Bc8 40.h6 Bxf5 41.hxg7+ Kg8 42.Rxf5 Nxe4 43.Qh6 Qxf5
44.Qh8+ Kf7 45.g8=Q+ Rxg8 46.Qxg8+ Kf6 47.Qh8+  1-0

[Event "POL-ch"]
[Site "Poland"]
[Date "1996.??.??"]
[Round "12"]
[White "Oliwa, Marek"]
[Black "Wojtkiewicz, Aleksander"]
[Result "1/2-1/2"]
[WhiteElo "2440"]
[BlackElo "2550"]

1.d4 Nf6 2.Nf3 g6 3.Nc3 d5 4.Bf4 Bg7 5.Qd2 O-O 6.Bh6 c5 7.Bxg7 Kxg7 8.dxc5 Na6
9.Rd1 Nxc5 10.Nxd5 Nce4 11.Qb4 Nxd5 12.Qxe4 Qa5+ 13.c3 Nf6 14.Qxe7 Qxa2 15.Qa3 Qxa3
16.bxa3 Be6 17.e3 Rac8 18.Rc1 Ne4 19.Bd3 Nxc3 20.Kd2 Na4 21.Nd4 Kf6 22.f3 h5
23.h4 Rfd8 24.Rxc8 Rxc8 25.Rb1 b6 26.Bc2 Nc5 27.a4 Bd5 28.Nb5 Ra8 29.Rb4 Ke7
30.Rd4 Be6 31.Kc3 a6 32.Na3 Rc8 33.Kb2 Rb8 34.Nb1 Rg8 35.Nc3 g5 36.Nd5+ Bxd5
37.Rxd5 gxh4 38.a5 Rxg2 39.axb6 Na4+ 40.Kb3 Nxb6 41.Rxh5 Rg3 42.Rxh4 Rxf3
43.Kb4 Nd5+ 44.Ka5 Nxe3 45.Bb3 f5 46.Kxa6 Kd6 47.Kb5 f4 48.Kb4 Ke5 49.Rh5+ Kd4
50.Rh8 Rf1 51.Rd8+ Ke4 52.Kc3 Kf3 53.Kd3 Ra1 54.Rb8 Ra7 55.Rd8 Ra6 56.Bf7 Ra3+
57.Kd2 Kf2 58.Rd4 Ng2 59.Kc2 Kg3 60.Rd3+ Ne3+ 61.Kd2 Ra7 62.Bh5 Kf2 63.Rd4 Nf1+
64.Kd3 Kg3 65.Rd8 Ne3 66.Ke2 Ra2+ 67.Rd2 Ra5 68.Bg6 Re5 69.Rd8 f3+ 70.Kd2 Nc4+
71.Kc3 f2 72.Bd3 Ne3 73.Kd2 Ng4 74.Be2 Ra5 75.Rg8 Ra2+ 76.Kd3 Ra4 77.Bxg4  1/2-1/2

[Event "POL-ch"]
[Site "Poland"]
[Date "1996.??.??"]
[Round "13"]
[White "Wojtkiewicz, Aleksander"]
[Black "Pedzich, Dominik"]
[Result "1-0"]
[WhiteElo "2550"]
[BlackElo "2425"]

1.Nf3 Nf6 2.c4 g6 3.Nc3 Bg7 4.e4 d6 5.d4 O-O 6.Be2 e5 7.O-O exd4 8.Nxd4 Re8
9.f3 Nc6 10.Nc2 Ne5 11.Bg5 h6 12.Bh4 g5 13.Bf2 Be6 14.Ne3 c6 15.Qd2 Qc7 16.Rfd1 Rad8
17.Rac1 Bc8 18.Nc2 Nh5 19.Nd4 Nf4 20.Be3 Nxe2+ 21.Ncxe2 f5 22.exf5 Qf7 23.b3 d5
24.c5 Bxf5 25.h4 gxh4 26.Bxh6 Bxh6 27.Qxh6 Qg6 28.Qxh4 Bc8 29.Nf4 Qh7 30.Nh5 Kf7
31.Qf6+ Kg8 32.Qg5+ Kf7 33.Qf4+ Kg6 34.Qf6+ Kxh5 35.Kf2 Ng4+ 36.fxg4+ Kxg4
37.Nf3  1-0